Perspectives on the U.S. office sector May 2012 (Record no. 84099)

MARC details
000 -LEADER
fixed length control field 01291cad a22001935a 4500
001 - CONTROL NUMBER
control field L156640
008 - FIXED-LENGTH DATA ELEMENTS--GENERAL INFORMATION
fixed length control field 120615s2012 xxk 000 0 eng d
035 ## - SYSTEM CONTROL NUMBER
System control number (Sirsi) u156640
041 0# - LANGUAGE CODE
Language code of text/sound track or separate title eng
110 2# - MAIN ENTRY--CORPORATE NAME
Corporate name or jurisdiction name as entry element Jones Lang LaSalle
9 (RLIN) 3755
245 00 - TITLE STATEMENT
Title Perspectives on the U.S. office sector May 2012
Medium [electronic resource]
260 ## - PUBLICATION, DISTRIBUTION, ETC.
Place of publication, distribution, etc. [S.l.]
Name of publisher, distributor, etc. JLL
Date of publication, distribution, etc. 2012
520 ## - SUMMARY, ETC.
Summary, etc. Development levels in the US office construction sector are increasing from historic lows but even with recent increased activity supply shortages in some markets can be expected over the next 24 months. Overall office construction levels rose from a low of 22.3m sq ft in 2010 to nearly 33.6m sq ft in the beginning of 2012. Office construction activity is concentrated in nine markets (79.3% of the national whole). The majority of speculative construction is in New York, San Francisco, and Washington DC. Rent spikes will occur over the next 24 to 36 months with quality large blocks of space dropping in most urban and suburban markets.
590 ## - LOCAL NOTE (RLIN)
Local note NTK KA
651 #4 - SUBJECT ADDED ENTRY--GEOGRAPHIC NAME
Geographic name United States
690 ## - LOCAL SUBJECT ADDED ENTRY--TOPICAL TERM (OCLC, RLIN)
Topical term or geographic name as entry element Commercial property
9 (RLIN) 6227
856 40 - ELECTRONIC LOCATION AND ACCESS
Uniform Resource Identifier <a href="https://www.us.am.joneslanglasalle.com/ResearchLevel1/Office%20construction%20white%20paper%20May%202012.pdf ">https://www.us.am.joneslanglasalle.com/ResearchLevel1/Office%20construction%20white%20paper%20May%202012.pdf </a>
Public note View the report at www.us.am.joneslanglasalle.com
942 ## - ADDED ENTRY ELEMENTS (KOHA)
Suppress in OPAC 0
Holdings
Withdrawn status Lost status Source of classification or shelving scheme Damaged status Not for loan Home library Current library Shelving location Date acquired Total Checkouts Full call number Barcode Date last seen Copy number Price effective from Koha item type
    Dewey Decimal Classification     Virtual Virtual Online 15/06/2012   ONLINE PUBLICATION 156640-2001 06/08/2019 1 06/08/2019 Book